| 000 | 00711nam a2200181 i 4500 | ||
|---|---|---|---|
| 001 | 50615 | ||
| 003 | ES-MaACL | ||
| 007 | t| | ||
| 008 | 030805s1985 sp ||||1| spa d | ||
| 020 | _a84-86192-47-8 | ||
| 100 | 1 |
_aCubillas Recio, Luis Mariano _941938 |
|
| 245 | 1 | 3 |
_aEl sistema matrimonial español y la claúsula de ajuste al Derecho del Estado _b: técnicas jurídicas y factores determinantes / _cLuis Mariano Cubillas Recio ; prólogo de Dionisio Llamazares Fernández. |
| 260 |
_a[Valladolid] : _bUniversidad de Valladolid, _c[1985] |
||
| 300 |
_a328 p. ; _c24 cm. |
||
| 700 | 1 |
_aLlamazares Fernández, Dionisio. _972678 |
|
| 852 |
_aES-MaACL _jL-9462 _bR.111085 |
||
| 999 |
_c50615 _d50615 |
||